| 000 | 01002nam a2200229Ia 4500 | ||
|---|---|---|---|
| 001 | 17080 | ||
| 003 | GE_BSU | ||
| 008 | 181216s||||||||xx |||||||||||||| ||und|| | ||
| 040 | _cGE_BSU | ||
| 080 | _a82-93:821.161.1-32 | ||
| 100 | _aშოლოხოვი, მ. (1905-1984) | ||
| 245 | _aგზა-სავალი :საბავშვო მოთხრობები | ||
| 245 | _cმთარგმნ. ა. ჭუმბაძე ; ილ.: გ. თოთიბაძე | ||
| 260 | _aთბილისი | ||
| 260 | _bნაკადული | ||
| 260 | _c1964 | ||
| 300 | _a118გვ. : ილ. ; 20სმ | ||
| 653 | _aგზა-სავალი | ||
| 653 | _aთქვენი ერთგული თანამგზავრი. თავხედი ბიჭუნა. - გზა-სავალი. - მწყემსი. - დავიდოვი და ფედოტკა | ||
| 653 | _aსაბავშვო მოთხრობები | ||
| 942 | _cBK | ||
| 999 |
_c50142 _d50142 |
||